Представление документа в формате RUSMARC

ПолеНазваниеЗначение
  Тип записи a
  Библиографический уровень a
001 Контрольный номер RU/CBS_UL/BASE/708608933
005 Дата корректировки 20250122233010.2
100 Данные общей обработки __
a Данные общей обработки 20220615d2022 ||| 0rusy0189 ca
101 Язык документа 0_
a Язык текста rus
102 Страна публикации __
a Страна публикации RU
105 Кодированные данные (монография) __
a Кодированные данные (монография) y###||||000|y
181 Поле кодированных данных: вид содержания _1
a Код вида содержания (ISBD) i#
b Код характеристики содержания (ISBD) #xxe##
d i
g x
h x
i e
2 Код системы (источник кода, отличный от ISBD) isbdcontent
182 Поле кодированных данных: тип средства _1
a Код типа средства (ISBD) n
2 Код системы (источник кода, отличный от ISBD) isbdmedia
200 Заглавие и сведения об ответственности 1_
a Заглавие "Так шевелиться ж надо!"
b Общее обозначение материала Текст
e Сведения, относящиеся к заглавию [беседа с режиссёром К. Шахназаровым о том, можно ли на свете без кино прожить]
f Первые сведения об ответственности Ю. Шигарева
w Текст (визуальный) : непосредственный
203 Вид содержания и тип средства __
a Вид содержания Текст
b Характеристика содержания визуальный
c Тип средства непосредственный
333 Примечание о целевом назначении __
a Примечание о целевом назначении 16+
461 Уровень набора _0
1 2000
a Аргументы и факты
463 Уровень физической единицы _0
1 001RU/CBS_UL/BASE/708604322
1 2000
a № 24 (15-21 июня)
v С. 19 : фот.
1 210
d 2022
600 Персоналии _0
a Персоналии (Фамилия) Шахназаров
b Персоналии (Имя, инициалы) К.Г.
606 Тематические рубрики 0_
a Основная рубрика Шахназаров, Карен Георгиевич (1952)
610 Ключевые слова 0_
a Ключевые слова кинорежиссёры
a Ключевые слова кинорежиссёры советские
a Ключевые слова советские режиссёры
a Ключевые слова российские кинорежиссёры
a Ключевые слова кинопродюсеры
a Ключевые слова сценаристы
a Ключевые слова общественные деятели
a Ключевые слова народные артисты Российской Федерации
a Ключевые слова лауреаты Государственной премии РСФСР им. братьев Васильевых
a Ключевые слова лауреаты премии Ленинского комсомола
686 Индексы других классификаций __
a Классификационный индекс 85.374(2)
2 Код системы rubbk
700 Автор _1
a Фамилия Шигарева
b Имя (инициалы) Ю.
801 Источник записи _0
a Страна RU
b Организация МБУК ЦБС г. Ульяновска
c Дата составления 20220615
g Правила каталогизации RCR
801 Источник записи _1
a Страна RU
b Организация МБУК ЦБС г. Ульяновска
c Дата составления 20220615
g Правила каталогизации RCR
901 Тип документа __
t Тип документа f
w Контрольный № источника RU/CBS_UL/BASE/708604322
910 Корректоры записи __
a Корректор записи Библиотека 1-2
938 Служебная информация __
a Имя БД period